Polscy laureaci Literackiej Nagrody Nobla - nagła śmierć - Statystyki

Ogólne statystyki
  • Ten quiz został rozwiązany 97 razy
  • Średni wynik to 5 z 6
Answers on the Grid
Answers color-coded by a green-red scale on the quiz's grid according to % correct below.
Juliusz Słowacki
Czesław Miłosz
Maria Konopnicka
Władysław Reymont
Cyprian Kamil Norwid
Bolesław Prus
Olga Tokarczuk
Stanisław Lem
Wisława Szymborska
Henryk Sienkiewicz
Adam Mickiewicz
to już wszyscy
 
Statystyki odpowiedzi
Odpowiedź % Poprawnych
Czesław Miłosz
90%
Wisława Szymborska
89%
Olga Tokarczuk
82%
Władysław Reymont
82%
Henryk Sienkiewicz
81%
to już wszyscy
63%
Nie znaleziono quizów pasujących do podanych kryteriów
Rozkład punktacji
Procent ludzi z każdym wynikiem
Percentyl według liczby udzielonych odpowiedzi
Twoja historia wyników
Nie rozwiązałeś tego quizu